000 01289 a2200289 4500
003 Nust
005 20221230094901.0
010 _a 2005297121
020 _a0863413498
020 _a1891121219
035 _a(OCoLC)ocm54106268
040 _cNust
082 _a623.734,LYN
100 1 _aLynch, David
_9106470
245 1 0 _aIntroduction to RF stealth (Include CD) /
_cDavid Lynch, Jr.
260 _aRaleigh, NC :
_bSciTech Pub.,
_cc2004.
300 _axv, 575 p. :
_bill. ;
_c24 cm. +
_e1 CD-ROM (4 3/4 in.)
440 4 _aThe SciTech radar and defense series
_9106466
505 _aIntroduction to Stealth Systems (Page-1), Interceptability Parameters and Analysis (Page-61), Intercept Receivers (Page-117), Exploitation of the Environment (Page-195), Stealth Waveforms (Page-275), Stealth Antennas and Radomes (Page-351), Signal Processing (Page-457).
650 0 _aLow probability of intercept radar.
_9106471
650 0 _aRadar
_xMilitary applications.
_948895
650 0 _aSignal detection
_xMathematics.
_9106472
651 _a(Include CD)
_98953
856 4 2 _3Publisher description
_uhttp://www.loc.gov/catdir/enhancements/fy0632/2005297121-d.html
856 4 2 _3Table of contents only
_uhttp://www.loc.gov/catdir/enhancements/fy0632/2005297121-t.html
942 _2ddc
_cBK
999 _c183582
_d183582